Diskriminácia v školstve ako sa brániť
Gespeichert in:
| 1. Verfasser: | |
|---|---|
| Weitere Verfasser: | |
| Format: | Buch |
| Sprache: | Slowakisch |
| Veröffentlicht: |
Bratislava
Inštitút pre dobre spravovanú spoločnosť (SGI-Slovak governance institute)
[2007]
|
| Schlagworte: | |
| Tags: |
Keine Tags, Fügen Sie das erste Tag hinzu!
|
MARC
| LEADER | 00000nam a2200000 4500 | ||
|---|---|---|---|
| 001 | 0126718 | ||
| 005 | 20240313132831.1 | ||
| 041 | 0 | |a slo | |
| 044 | |a SK | ||
| 245 | 1 | 0 | |a Diskriminácia v školstve |b ako sa brániť |c Juraj Alexander, Peter Hodál |
| 264 | 1 | |a Bratislava |b Inštitút pre dobre spravovanú spoločnosť (SGI-Slovak governance institute) |c [2007] | |
| 300 | |a 39 s. | ||
| 610 | 2 | 0 | |a školy základné |
| 610 | 2 | 0 | |a deti |
| 610 | 2 | 0 | |a diskriminácia |
| 610 | 2 | 0 | |a práva ľudské |
| 610 | 2 | 0 | |a vzdelávanie |
| 610 | 2 | 0 | |a poradenstvo |
| 610 | 2 | 0 | |a Rómovia |
| 610 | 2 | 0 | |a Slovensko |
| 100 | 1 | |a Alexander, Juraj | |
| 700 | 1 | |a Hodál, Peter | |